Statistics for Countries of the Roman Empire

Click here to take the quiz!

General Stats

  • This quiz has been taken 148 times
    (118 since last reset)
  • The average score is 43 of 47

Answer Stats

Answer% Correct
France
99%
Italy
99%
Portugal
99%
Spain
99%
Greece
97%
United Kingdom
97%
Germany
96%
Israel
96%
Albania
95%
Algeria
95%
Belgium
95%
The Netherlands
95%
Tunisia
95%
Bulgaria
94%
Egypt
94%
Libya
94%
San Marino
94%
Turkey
94%
Andorra
93%
Serbia
93%
Vatican City
93%
Austria
92%
Croatia
92%
Iraq
92%
Romania
92%
Hungary
91%
Switzerland
91%
Cyprus
90%
Kosovo
90%
Montenegro
90%
Saudi Arabia
90%
Slovenia
90%
Armenia
89%
Lebanon
89%
Malta
89%
Morocco
89%
Bosnia and Herzegovina
88%
Iran
88%
Syria
88%
Jordan
87%
Luxembourg
87%
Azerbaijan
86%
Liechtenstein
85%
Monaco
84%
Georgia
83%
Sudan
82%
Macedonia
81%

Score Distribution

Percentile by Number Answered

Percent of People with Each Score

Your Score History

You have not taken this quiz since the last reset